000 00536nam a2200181Ia 4500
008 220531s9999 xx 000 0 und d
041 _amar
082 _a-
_bGAV
100 _aगवळी, एस. एन. आणि इतर
_973487
245 _aव्यवसाय व्यवस्थापन
250 _a1ST
260 _aPune
_bSuccess
_c2014
300 _a8.28
542 _d09-11-2018
650 _aBusiness Management
_973488
906 _cS.Y.B.Com.
_d2018-2019
_eElantas beck Co.
_f14742
999 _c40973
_d40973